000 01210nam a22003497a 4500
003 CHAP
005 20220329140234.0
008 971013c19781958 r 00010 d
010 _a49054
011 _a50026
035 _a54176
040 _cCHAP
082 _a628.1
_bP4 1978
100 0 0 _aPeterka, A.
_987585
245 _aHydraulic design of stilling basins and energy dissipators
250 _aRev. ed.
260 _aDenver, Co. :
_bBureau of Reclamation,
_c1978 (c.1958)
300 _a222 p.
_b: ilus. ; gráfs.
490 _aA water resources technical publication. Engineering monograph
_v; 25
590 _aBATCH-UPD
_b10
_c20130110
_lUCH01
_h0530
590 _aBATCH-UPD
_b10
_c20130410
_lUCH01
_h0209
590 _aBATCH-UPD
_b10
_c20130914
_lUCH01
_h1225
590 _aCONVERSION
_b10
_c20130109
_lUCH01
_h1327
650 1 4 _aIngeniería hidráulica.
_958235
650 1 4 _aPresas.
_991480
650 1 4 _aSalto hidráulico.
_9101799
710 0 _aE.U.A. Bureau of Reclamation.
_934862
830 0 _aA water resources technical publication. Engineering monograph
_v; 25
_9101
901 _aBK
942 _cLIBRO
949 _a628.1 P4 1978
_bBC
_cLIBRO
_d33724000023867
_eLIBRO
_h51216
_i54176
_si
_t53.00
999 _c49054
_d49054